| 000 | 00466nam a2200181 a 4500 | ||
|---|---|---|---|
| 001 | 4048 | ||
| 003 | CO-ViMGA | ||
| 008 | 141112s2004 ck r 000 u spa d | ||
| 040 |
_aCO-ViMGA _bspa _cCO-ViMGA |
||
| 082 | 0 | 4 | _a813.2 I784l |
| 100 | 1 |
_aIrving, Washington _954396 |
|
| 245 | 1 | 0 | _aLeyendas de la Alhambra |
| 260 |
_aMadrid : _bM.E., _c1995 |
||
| 300 | _a187 p | ||
| 490 | _aClásicos de siempre, 24 | ||
| 650 | 1 | 4 |
_aNOVELA ESTADOUNIDENSE _9761 |
| 942 |
_2ddc _cBK |
||
| 999 |
_c16064 _d16064 |
||